El furgón de cola

Gespeichert in:
Bibliographische Detailangaben
1. Verfasser: Goytisolo, Juan (VerfasserIn)
Format: Buch
Sprache:Spanisch
Veröffentlicht: Barcelona Planeta 2000
Ausgabe:3a. ed
Schriftenreihe:Clásicos de Nuestro Tiempo, 3
Schlagworte:
Tags: Tag hinzufügen
Keine Tags, Fügen Sie den ersten Tag hinzu!

MARC

LEADER 00000nam a2200000 a 4500
001 UCI6523
003 CL-VaPUC
008 080509e20000000SP |||||||||||||||||spa|d
020 |a 8408463934 
082 0 4 |a 863  |b GOY  |2 21 
100 0 |a Goytisolo, Juan  |e author  |9 376899 
245 1 3 |a El furgón de cola 
250 |a 3a. ed 
300 |a 260 p 
942 |c BK 
945 |d 20080509 00:00:00  |a jtorresc 
260 |a Barcelona  |b Planeta  |c 2000 
650 0 |a Literatura española  |9 306261 
650 0 |a Novelas españolas  |9 265052 
583 |a last modification  |c 20080509 00:00:00  |k Rodrigo Vera 
490 0 |a Clásicos de Nuestro Tiempo, 3 
999 |c 329996  |d 329994